00490pab a2200157 454500008004000000100001600040245009700056260000900153300001400162362001200176650003500188650002600223650002600249650001800275773003900293180718b2004 xxu||||| |||| 00| 0 eng d aDatar, M.K. aHuman capital approach and Indian labour market: the case of information technology industry c2004 ap.825-32. aOct-Dec aInformation technology - India aHuman capital - India aLabour market - India aLabour market aIndian Journal of Labour Economics